[Event "Veneto-ch Quarti di Finale 62nd"]
[Site "Arqua Petrarca"]
[Date "2002.05.??"]
[Round "2"]
[White "Minati, Donato"]
[Black "Cacco, Christian"]
[Result "0-1"]
[WhiteElo "1512"]
[BlackElo "2251"]
[PlyCount "60"]
[EventDate "2002.05.04"]
[EventType "swiss"]
[EventRounds "6"]
[EventCountry "ITA"]
[SourceTitle "EXT 2023"]
[Source "ChessBase"]
[SourceDate "2022.10.05"]
[SourceVersion "1"]
[SourceVersionDate "2022.10.05"]
[SourceQuality "1"]

1. c4 g6 2. Nc3 Bg7 3. g3 f5 4. Bg2 Nf6 5. e3 e5 6. Nge2 0-0 7. d4 e4 8. 0-0 d6 9. Rb1 a5 10. b3 Be6 11. Qc2 Na6 12. a3 Bf7 13. Bb2 Qe7 14. h3 c6 15. Rfc1 Rfb8 16. Qd2 b5 17. cxb5 cxb5 18. Ba1 b4 19. axb4 Nxb4 20. Na4 Nd3 21. Rc3 Nd5 22. Rxd3 exd3 23. Qxd3 Ra7 24. Qd1 Rc7 25. Nec3 Nb4 26. Qd2 h6 27. Ne2 Rc2 28. Qe1 Qc7 29. Kh2 Nd3 30. Qd1 Nxf2 0-1

[Event "Padova Fornace op 4th"]
[Site "Padova"]
[Date "2001.12.23"]
[Round "6.24"]
[White "Minati, Donato"]
[Black "Spinoso, Giovanni"]
[Result "1-0"]
[WhiteElo "1500"]
[BlackElo "1585"]
[PlyCount "66"]
[EventDate "2001.12.15"]
[EventType "swiss"]
[EventRounds "6"]
[EventCountry "ITA"]
[SourceTitle "EXT 2024"]
[Source "ChessBase"]
[SourceDate "2023.10.10"]
[SourceVersion "1"]
[SourceVersionDate "2023.10.10"]
[SourceQuality "1"]

1. d4 Nf6 2. Nf3 g6 3. c4 Bg7 4. Nc3 0-0 5. e4 d6 6. Be2 e5 7. 0-0 Nc6 8. d5 Ne7 9. b4 b6 10. Ne1 Ne8 11. Nd3 f5 12. c5 Nf6 13. f3 f4 14. Qb3 g5 15. Nxe5 Kh8 16. Nd3 Bd7 17. c6 Be8 18. Bb2 Bf7 19. Rfe1 Nxc6 20. Rac1 Nd7 21. Nb5 Nde5 22. Bxe5 Bxe5 23. Rxc6 Be8 24. Nxe5 Bxc6 25. Nxc6 Qd7 26. Nbd4 h5 27. Ne6 Rg8 28. Qc3+ Kh7 29. Qf6 g4 30. Ng5+ Rxg5 31. Qxg5 Rg8 32. Qxh5+ Kg7 33. Qxg4+ Kf8 1-0

[Event "Padova Fornace op 4th"]
[Site "Padova"]
[Date "2001.12.16"]
[Round "3.21"]
[White "Quaranta, Gaetano"]
[Black "Minati, Donato"]
[Result "1-0"]
[WhiteElo "1594"]
[BlackElo "1500"]
[PlyCount "53"]
[EventDate "2001.12.15"]
[EventType "swiss"]
[EventRounds "6"]
[EventCountry "ITA"]
[SourceTitle "EXT 2024"]
[Source "ChessBase"]
[SourceDate "2023.10.10"]
[SourceVersion "1"]
[SourceVersionDate "2023.10.10"]
[SourceQuality "1"]

1. e4 c5 2. d4 cxd4 3. c3 e6 4. cxd4 d5 5. e5 Nc6 6. Nf3 Qb6 7. Bd3 Bd7 8. Be2 Nge7 9. Na3 Nf5 10. Nc2 Bb4+ 11. Kf1 Rc8 12. g4 Nh6 13. Bxh6 gxh6 14. Nxb4 Qxb4 15. b3 Qf8 16. Kg2 Rg8 17. h3 h5 18. g5 h4 19. Qd2 Qg7 20. Rhg1 Ne7 21. Bd3 f5 22. exf6 Qxf6 23. Bxh7 Rg7 24. Bd3 Nf5 25. Kh2 Nxd4 26. Nxd4 Qxd4 27. Bg6+ 1-0

[Event "Mestre Sociale-ch"]
[Site "Mestre "]
[Date "2001.03.06"]
[Round "9"]
[White "Roberti, Ignazio"]
[Black "Minati, Donato"]
[Result "1-0"]
[WhiteElo "1751"]
[BlackElo "1000"]
[PlyCount "65"]
[EventDate "2001.01.15"]
[EventType "swiss"]
[EventRounds "10"]
[EventCountry "ITA"]
[SourceTitle "EXT 2005"]
[Source "ChessBase"]
[SourceDate "2004.11.15"]
[SourceVersion "1"]
[SourceVersionDate "2004.11.15"]
[SourceQuality "1"]

1. e4 c5 2. Nf3 d6 3. d4 cxd4 4. Qxd4 Nc6 5. Bb5 Bd7 6. Bxc6 bxc6 7. c4 Qb6 8. Nc3 Nf6 9. 0-0 g6 10. b3 Bg7 11. Bb2 0-0 12. Qd3 a5 13. Rad1 Rfd8 14. h3 h6 15. Rfe1 Be6 16. Qf1 Nd7 17. Na4 Qa7 18. Nd4 Qc7 19. f4 Nf6 20. f5 gxf5 21. exf5 Bc8 22. Qf3 Bb7 23. Qe2 Re8 24. g4 Rad8 25. Qe3 d5 26. Nc5 dxc4 27. bxc4 Nd7 28. Nde6 Qb6 29. Bxg7 fxe6 30. Nxe6 Qxe3+ 31. Rxe3 Nc5 32. Rxd8 Rxd8 33. Nxd8 1-0